| 000 | 003520000a22001210004500 | ||
|---|---|---|---|
| 090 |
_aAS _bSeriadas |
||
| 245 | 1 | 0 | _aInventario de las aves de un bosque altoandino: comparación de dos métodos |
| 041 | 0 | _aEspañol | |
| 700 | 1 |
_aRosselli, Loreta _94762 |
|
| 100 | 1 |
_aStiles, F. Gary _9877 |
|
| 942 | _cARTICULO | ||
| 773 | 1 |
_tCaldasia _345 _h1 _q29-43 _d1998 _g20 |
|
| 999 |
_c14925 _d14925 |
||